000 00255nam a22001217a 4500
008 181003b xxu||||| |||| 00| 0 eng d
041 _aeng
080 _a940
100 _a17
101 _aHIS
245 _aThe Inquisition
_cMilitans,E
942 _2udc
_cBK
999 _c48802
_d48802